|
ห้องสมุด วิทยาลัยพยาบาลบรมราชชนนี อุดรธานี
Boromarajonani College of Nursing, Udonthani
|


|
mysqli: Table './ulib2015/stat_globaluid' is marked as crashed and last (automatic?) repair failed
select id from stat_globaluid where statuid='20260419011556_4930'
mysqli: Table './ulib2015/stat_globaluid' is marked as crashed and last (automatic?) repair failed
DELETE FROM stat_globaluid
WHERE id NOT IN (
SELECT id
FROM (
SELECT id
FROM stat_globaluid
ORDER BY id DESC
LIMIT 100
) foo
);
mysqli: Table './ulib2015/stat_globaluid' is marked as crashed and last (automatic?) repair failed
insert into stat_globaluid set
statuid='20260419011556_4930',
dt='1776536156',
phpself='/ULIB/dublinfull.php',
agent='Mozilla/5.0 AppleWebKit/537.36 (KHTML, like Gecko; compatible; ClaudeBot/1.0; +claudebot@anthropic.com)',
yea='2026',
mon='4',
dat='19',
ip='216.73.216.142'
| LEADER 00000nas 2200000uu 4500 |
| 001 13399121811 |
| 003 ULIBM |
| 008 161128s||||||||th 000 0 tha d |
| 022 24081396
|
| 245 00 ^aวารสารสุขภาพกับการจัดการสุขภาพ/^cวิทยาลัยเซนต์หลุยส์
|
| 260 ^aกรุงเทพฯ:^bวิทยาลัยเซนต์หลุยส์.
|
| 310 ^aรายสามเดือน |
| 650 7 ^aวารสาร
|
| 850 ^a ULIBM^bปีที่ 7 ฉบับที่ 2 พ.ศ. (ก.ค.-ธ.ค.2564) c.1 ;ปีที่ 7 ฉบับที่ 1 พ.ศ. (ม.ค.-มิ.ย.2564) c.1 ;ปีที่ 6 ฉบับที่ 2 พ.ศ. (ก.ค.-ธ.ค.2563) c.1 ;ปีที่ 1 ฉบับที่ 1 พ.ศ. (ก.ย.-ธ.ค.2557) c.1 ;ปีที่ 4 ฉบับที่ 2 พ.ศ. (ม.ค.-ธ.ค.2561) c.1 ;ปีที่ 2 ฉบับที่ 3 พ.ศ. (ก.ย.-ธ.ค.2558) c.1 ;ปีที่ 3 ฉบับที่ 3 พ.ศ. (ก.ย.-ธ.ค.2559) c.1
|
| 945 ^p0^l0^i82257 |
| 999 ^aพรปวีณ์
|
| คุณยังไม่ได้ล็อกอิน คุณสามารถมีกิจกรรมร่วมกับเว็บไซต์ได้ แต่ต้องล็อกอินก่อน :: |
|
ดูแบบ:
กล่อง
รายการ
| ลำดับที่ |
ประเภท |
เลขเรียก/บาร์โค้ด |
สถานที่ |
สถานะ |
| 1. |
วารสาร | ปีที่ 7 ฉบับที่ 2 พ.ศ. (ก.ค.-ธ.ค.2564) c.1 Barcode: 83237 | วารสาร | On Shelf ขอยืม |
| 2. |
วารสาร | ปีที่ 7 ฉบับที่ 1 พ.ศ. (ม.ค.-มิ.ย.2564) c.1 Barcode: 83236 | วารสาร | On Shelf ขอยืม |
| 3. |
วารสาร | ปีที่ 6 ฉบับที่ 2 พ.ศ. (ก.ค.-ธ.ค.2563) c.1 Barcode: 83238 | วารสาร | On Shelf ขอยืม |
| 4. |
วารสาร | ปีที่ 4 ฉบับที่ 2 พ.ศ. (ม.ค.-ธ.ค.2561) c.1 Barcode: 82690 | วารสาร | On Shelf ขอยืม |
| 5. |
วารสาร | ปีที่ 3 ฉบับที่ 3 พ.ศ. (ก.ย.-ธ.ค.2559) c.1 Barcode: 82701 | วารสาร | On Shelf ขอยืม |
| 6. |
วารสาร | ปีที่ 2 ฉบับที่ 3 พ.ศ. (ก.ย.-ธ.ค.2558) c.1 Barcode: 82700 | วารสาร | On Shelf ขอยืม |
| 7. |
วารสาร | ปีที่ 1 ฉบับที่ 1 พ.ศ. (ก.ย.-ธ.ค.2557) c.1 Barcode: 82257 | วารสาร | On Shelf ขอยืม |
| [แสดง 7/7 รายการ] |
mysqli: Can't create/write to file '/var/tmp/#sql_59d_0.MAI' (Errcode: 2)
select * from index_db where titl like '%วารสารสุขภาพกับการจัดการสุขภาพ/ วิทยาลัยเซนต์หลุยส์%' and mid<>'13399121811' order by rand() limit 3
mysqli: Can't create/write to file '/var/tmp/#sql_59d_0.MAI' (Errcode: 2)
select * from index_db where subj like '%วารสาร%' and mid<>'13399121811' order by rand() limit 3
|
ยังไม่เคยถูกคอมเมนท์
|
| คอมเมนท์ทรัพยากรรายการนี้ |
|